LEADER 01099nam 2200385 450 001 9910815666903321 005 20231209122113.0 010 $a2-8062-4966-X 035 $a(CKB)3820000000022944 035 $a(Au-PeEL)EBL4466511 035 $a(CaPaEBR)ebr11190905 035 $a(OCoLC)946263487 035 $a(MiAaPQ)EBC4466511 035 $a(PPN)248792083 035 $a(EXLCZ)993820000000022944 100 $a20160513h20132013 uy 0 101 0 $afre 135 $aurcnu|||||||| 181 $2rdacontent 182 $2rdamedia 183 $2rdacarrier 200 10$aRousseau $efiche philosophe /$fdocument re?dige? par Dominique Coutant-Defer 210 1$a[Place of publication not identified] :$cLePetitPhilosophe.fr,$d2013. 210 4$dİ2013 215 $a1 online resource (22 pages) 320 $aIncludes bibliographical references. 676 $a194 700 $aCoutant-Defer$b Dominique$01112765 801 0$bMiAaPQ 801 1$bMiAaPQ 801 2$bMiAaPQ 906 $aBOOK 912 $a9910815666903321 996 $aRousseau$93959733 997 $aUNINA